Casación en el fondo civil y casación oficial

Wedi'i Gadw mewn:
Manylion Llyfryddiaeth
Prif Awdur: Troncoso Martinic, Pedro (Awdur)
Fformat: Llyfr
Iaith:Sbaeneg
Cyhoeddwyd: Santiago Jurídica de Chile 1992
Pynciau:
Tagiau: Ychwanegu Tag
Dim Tagiau, Byddwch y cyntaf i dagio'r cofnod hwn!

MARC

LEADER 00000nam a2200000 a 4500
001 UCV3248
003 CL-VaPUC
008 930507e19920000CL |||||||||||||||||spa|d
082 0 4 |a 347.077  |b TRO  |2 21 
100 0 |a Troncoso Martinic, Pedro  |e author  |9 297509 
245 1 0 |a Casación en el fondo civil y casación oficial 
300 |a 205 p 
942 |c BK 
945 |d 19930507 00:00:00 
260 |a Santiago  |b Jurídica de Chile  |c 1992 
650 0 |a Recurso de casación  |9 258890 
651 7 |a CHILE  |2 CL-VaPUC  |9 297510 
583 |a last modification  |c 19930507 00:00:00  |k Rodrigo Vera 
999 |c 210535  |d 210533 
952 |0 0  |1 0  |4 0  |6 347_077000000000000_TRO_1992  |7 0  |8 A  |9 186880  |a BIBDER  |b BIBDER  |d 2019-11-14  |i 2544857  |o 347.077 TRO 1992  |p 2544857  |r 2023-01-25  |w 2019-11-14  |y BK  |k DER